000 00243nam a2200097Ia 4500
001 1206672
005 20251010101903.0
008 250824s9999 xx 000 0 und d
245 0 _aÇANTACI
_cALGAN SEZGİNTÜREDİ
260 _bAPRİL YAYINLARI
999 _c1206672
_d1206672